000
00259nam a2200097Ia 4500
001
766330
005
20250826165338.0
008
250824s9999 xx 000 0 und d
245
0
_a
SENİ İÇİMDEN TERK EDİYORUM
_c
KAHRAMAN TAZEOĞLU
260
_b
DESTEK YAYINLARI
999
_c
766330
_d
766330